| 000 | 00433nam a2200181Ia 4500 | ||
|---|---|---|---|
| 001 | 24404 | ||
| 005 | 20260414151041.0 | ||
| 008 | 260414t2018||||xx |||||||||||||| ||spa|| | ||
| 041 | _aESP | ||
| 082 |
_a345.7 _bG312P |
||
| 110 | _aGaceta Jurídica | ||
| 245 | 0 |
_aLa prueba documental en el proceso civil _b |
|
| 260 | _c2018 | ||
| 300 |
_a509 páginas : _c25 cm. |
||
| 650 | _aDER | ||
| 654 | _aCDE | ||
| 942 |
_cLIB _dJUS _fJUS _2ddc _n |
||
| 999 |
_c24404 _d24404 |
||